Who's the Father? - Picture Quiz - Statistics

General Stats
  • This quiz has been taken 86 times
  • The average score is 8 of 16
Answer Stats
Picture Answer % Correct
Billy Ray Cyrus
88%
Kirk Douglas
82%
Martin Sheen
77%
Henry Fonda
71%
Donald Sutherland
68%
Bob Marley
60%
Steven Tyler
57%
Jerry Stiller
50%
Will Smith
50%
Julio Iglesias
49%
John Lennon
44%
Michael Jackson
37%
Phil Collins
29%
Bob Dylan
26%
Elvis Presley
21%
Muhammad Ali
10%
No matching quizzes found
Score Distribution
Percent of People with Each Score
Percentile by Number Answered
Your Score History
You have not taken this quiz